Parole italiane che derivano da nomi propri - Statistics

Statistiche generali
  • Questo quiz è stato fatto 97 volte
  • Il punteggio medio è 4 su 10
Statistiche sulle risposte
Indizio Risposta % Corretto
Sinonimo di "imperatore"; era il nome di un importante condottiero romano e del suo figlio adottivo, poi divenuto imperatore col nome di Augusto. Cesare
93%
Lavoratore zelante fino all'eccesso; deriva dal cognome di un minatore russo, simbolo della propaganda lavorativa sovietica. Stacanovista
54%
Domestica di un sacerdote. Fino all'Ottocento, era soltanto un nome proprio italiano; assunse l'attuale significato grazie all'omonimo personaggio del romanzo I Promessi sposi di Alessandro Manzoni. Perpetua
53%
Ovvio, evidente, talmente manifesto che ripeterlo è superfluo. L'aggettivo, entrato nell'uso tramite una canzone ironica, deriva dal nome di un capitano francese del tardo Quattrocento. Lapalissiano
46%
Sontuoso, fastoso, magnifico; soprattutto in riferimento a ricchi pasti. La parola deriva dal nome di un console romano celebre per la fastosità delle proprie feste e banchetti. Luculliano
33%
Persona caratterizzata da un comportamento crudele e aggressivo, che gode nell'infliggere sofferenza alle altre persone; deriva dal nome di un pensatore francese del Settecento. Sadico
30%
Ricco per antonomasia, opulentissimo; si usa soprattutto nella similitudine: "essere ricco come un ...". Corrisponde al nome di un antico re della Lidia, celebre per le proprie ricchezze. Creso
19%
Nazionalismo esaltato e fanatico, che si basa sul presupposto di superiorità di un popolo rispetto agli altri; il termine deriva dal cognome di uno zelante soldato dell'esercito napoleonico. Sciovinismo
11%
Indica qualcuno che è spavaldo e prepotente, soprattutto coi più deboli, gli indifesi e gli sconfitti. Il nome è quello di un capitano di ventura italiano del Cinquecento, che uccise crudelmente un condottiero avversario. Maramaldo
8%
Il nome indica un capo di governo che assume un atteggiamento collaborazionista nei confronti di un nemico invasore; il termine è il cognome del politico norvegese che diresse un governo fantoccio dopo l'invasione tedesca del suo paese nel 1940. Quisling
8%
Nessun quiz corrispondente trovato
Distribuzione punteggi
Percentuale di utenti per punteggio
Percentile per numero di risposta
I tuoi punteggi nel tempo
Non hai fatto questo quiz